| 000 | 00515nam a2200169 i 4500 | ||
|---|---|---|---|
| 001 | 30276 | ||
| 003 | ES-MaACL | ||
| 005 | 20230906154151.0 | ||
| 007 | t| | ||
| 008 | 030124s1960 ag ||||1| spa d | ||
| 100 | 1 |
_aBasso, Hamilton. _926323 |
|
| 245 | 1 | 3 |
_aEl baile de la infantería ligera / _cpor Hamilton Basso ; [traducción de Alfredo Crespo]. |
| 260 |
_aBuenos Aires : _bPlaza & Janés, _c[1960] |
||
| 300 |
_a539 p. ; _c24 cm. |
||
| 700 | 1 |
_aCrespo, Alfredo. _941511 |
|
| 852 |
_aES-MaACL _jC-19226 _bR.47071 |
||
| 999 |
_c30276 _d30276 |
||